Mixed Word: Basketball Teams Quiz Stats

 Plays Quiz Updated Mar 7, 2012

Support Sporcle.
Go Orange.
Score 0/18 Timer 01:00
1 Play Today
Scrambled Word Unscrambled Word % Correct
SSNU Suns
98%
TEAH Heat
96.7%
TENS Nets
96.4%
LLUSB Bulls
96.1%
UCKSB Bucks
93.3%
KISGN Kings
91.4%
SRSUP Spurs
87.1%
KWAHS Hawks
85.4%
SKCINK Knicks
81%
Scrambled Word Unscrambled Word % Correct
TCISLEC Celtics
76.8%
CIMGA Magic
72.9%
RTIMEBLVOWSE Timberwolves
69.2%
KSREALLakers
64.1%
KRSCIAEVMMavericks
61.5%
SONTSPI Pistons
58.2%
CSTEKRO Rockets
52.4%
RPOTRSARaptors
47.2%
SPPRELIC Clippers
44.8%

You're not logged in!

Compare scores with friends on all Sporcle quizzes.
OR
Log In
Forgot?

From the Vault

Danish: Fruits

by beforever

Are danishes a type of fruit?
Remove Ads.
Support Sporcle.
Get the best of Sporcle when you Go Orange. This ad-free experience offers more features, more stats, and more fun while also helping to support Sporcle. Thank you for becoming a member.

Show Comments

Extras

Top Quizzes Today


Score Distribution

Your Account Isn't Verified!

In order to create a playlist on Sporcle, you need to verify the email address you used during registration. Go to your Sporcle Settings to finish the process.

Report this User

Report this user for behavior that violates our Community Guidelines.

Details: